000 00828nam a2200253 a 4500
001 62232
003 BD-RjUL
005 20211209081046.0
008 170123s1974 nyu b 001 0 eng d
020 _a0020792905 :
035 _a(BD-RjUL)62357
040 _aDLC
_cDLC
_dBD-RjUL
_beng
041 _aeng
082 0 0 _a808.02
_223
_bCAF 1974
100 1 _aCasewit, Curtis W.
_9185089
245 1 0 _aFreelance writing :
_badvice from the pros /
_cCurtis W. Casewit
260 _aNew York :
_bCollier Macmillan Publication,
_c1974.
300 _axiv, 272 p. ;
_c21 cm.
504 _aInclude Bibliography and index.
650 0 _aJournalism
_xAuthorship
_xVocational guidance.
_9185090
650 0 _aFreelance journalism
_xVocational guidance.
_9185091
650 0 _aFeature writing
_xVocational guidance.
_9185092
942 _2ddc
_cBK
999 _c62232
_d62232